India and the unthinkabl: (Record no. 101846)
[ view plain ]
| 000 -LEADER | |
|---|---|
| fixed length control field | 01074nam a22002537a 4500 |
| 005 - DATE AND TIME OF LATEST TRANSACTION | |
| control field | 20240103142849.0 |
| 010 ## - LCCN (DPL NO) | |
| LC control number | 1617EN ENG-116333 ENG-137110 |
| 020 ## - INTERNATIONAL STANDARD BOOK NUMBER | |
| International Standard Book Number | 9780199466863 |
| Terms of availability | 850.00 |
| 035 ## - SYSTEM CONTROL NUMBER | |
| System control number | B-649979-984 EN-120642 |
| 035 ## - SYSTEM CONTROL NUMBER | |
| System control number | EN-99865 |
| 035 ## - SYSTEM CONTROL NUMBER | |
| System control number | B-664910 |
| 037 ## - SOURCE OF ACQUISITION | |
| Source of stock number/acquisition | Uppal |
| 037 ## - SOURCE OF ACQUISITION | |
| Source of stock number/acquisition | DBAD/PUB |
| 082 ## - DEWEY DECIMAL CLASSIFICATION NUMBER | |
| Classification number | 110 |
| 245 ## - TITLE STATEMENT | |
| Title | India and the unthinkabl: |
| Remainder of title | Backwaters collective on metaphysics and politics 1/ |
| Statement of responsibility, etc | Ed. by Vinay Lal and Roby Rajan |
| 260 ## - PUBLICATION, DISTRIBUTION, ETC. (IMPRINT) | |
| Place of publication, distribution, etc | New Delhi |
| Name of publisher, distributor, etc | Oxford University Press |
| Date of publication, distribution, etc | 2016 |
| 270 ## - ADDRESS | |
| Address | YMCA Library Building, 1 Jai Singh Road, |
| City | New Delhi |
| Postal code | 110001 |
| 300 ## - PHYSICAL DESCRIPTION | |
| Extent | xix, 228p. |
| Dimensions | 22cm(Hb) |
| 700 ## - ADDED ENTRY--PERSONAL NAME | |
| Dates associated with a name | Vinay Lal |
| 9 (RLIN) | 60597 |
| 700 ## - ADDED ENTRY--PERSONAL NAME | |
| Dates associated with a name | Roby Rajan |
| 9 (RLIN) | 60598 |
| 942 ## - ADDED ENTRY ELEMENTS (KOHA) | |
| Source of classification or shelving scheme | Dewey Decimal Classification |
| Item type | English Books |
| Call number suffix | IND |
| Classification part | 110 |
| Withdrawn status | Lost status | Not for loan | Collection code | Home library | Current library | Date acquired | Source of acquisition | Cost, normal purchase price | Full call number | Barcode | Copy number | Cost, replacement price | Koha item type |
|---|---|---|---|---|---|---|---|---|---|---|---|---|---|
| Non-fiction | Ashok Vihar | Ashok Vihar | 28/02/2018 | Uppal/14146/27.2.2017/EN/AV/473/15.2.2017/7.3.2017 | 850.00 | 110 IND | B-664910 | 1 | 850.00 | English Books | |||
| Non-fiction | Ashok Vihar | Ashok Vihar | 08/06/2023 | DBAD/PUB | 850.00 | 110 IND | EN-120642 | 1 | 850.00 | English Books | |||
| Non-fiction | Central Library | Central Library | 09/03/2017 | BPPD/EN/2016-17/307/24.11.2016/13892/5.12.2013/2.1.2017 | 850.00 | 110 IND | B-649979 | 1 | 850.00 | English Books | |||
| Not For Loan | Non-fiction | D.B.Act.Division | D.B.Act.Division | 27/10/2016 | DBAD/PUB | 850.00 | 110 IND | EN-99865 | 1 | 850.00 | English Books | ||
| Non-fiction | Janak Puri | Janak Puri | 09/03/2017 | BPPD/EN/2016-17/307/24.11.2016/13892/5.12.2013/2.1.2017 | 850.00 | 110 IND | B-649983 | 1 | 850.00 | English Books | |||
| Non-fiction | Kasturba Gandhi Marg | Kasturba Gandhi Marg | 09/03/2017 | BPPD/EN/2016-17/307/24.11.2016/13892/5.12.2013/2.1.2017 | 850.00 | 110 IND | B-649982 | 1 | 850.00 | English Books | |||
| Non-fiction | New Police Line | New Police Line | 09/03/2017 | BPPD/EN/2016-17/307/24.11.2016/13892/5.12.2013/2.1.2017 | 850.00 | 110 IND | B-649980 | 1 | 850.00 | English Books | |||
| Non-fiction | Patel Nagar | Patel Nagar | 09/03/2017 | BPPD/EN/2016-17/307/24.11.2016/13892/5.12.2013/2.1.2017 | 850.00 | 110 IND | B-649981 | 1 | 850.00 | English Books | |||
| Non-fiction | Shahdara Branch | Shahdara Branch | 09/03/2017 | BPPD/EN/2016-17/307/24.11.2016/13892/5.12.2013/2.1.2017 | 850.00 | 110 IND | B-649984 | 1 | 850.00 | English Books |
